An empirical study of the effects of land supply and lease conditions on the housing market: a case of Hong Kong (Record no. 117360)
[ view plain ]
| 000 -LEADER | |
|---|---|
| fixed length control field | 01372cam a2200241 4500 |
| 001 - CONTROL NUMBER | |
| control field | X126216 |
| 008 - FIXED-LENGTH DATA ELEMENTS--GENERAL INFORMATION | |
| fixed length control field | 040517n2004 000 0 eng u |
| 035 ## - SYSTEM CONTROL NUMBER | |
| System control number | (Sirsi) u126216 |
| 100 ## - MAIN ENTRY--PERSONAL NAME | |
| Personal name | Hui, E. |
| 245 #3 - TITLE STATEMENT | |
| Title | An empirical study of the effects of land supply and lease conditions on the housing market: a case of Hong Kong |
| 260 ## - PUBLICATION, DISTRIBUTION, ETC. | |
| Date of publication, distribution, etc. | 2004 |
| 490 ## - SERIES STATEMENT | |
| Series statement | Property Management |
| Volume/sequential designation | 22(2) 2004, 127-154(28) |
| 520 ## - SUMMARY, ETC. | |
| Summary, etc. | Investigates the effects of land supply and lease conditions on the housing market. Tests whether there exists a relationship between land supply and housing price, between development conditions in government land leases and housing supply and to what extent these development conditions affect Hong Kong's supply of private residential flats. Focuses on examining the supply side of private housing in Hong Kong, whilst limiting the investigation on how land supply and development conditions affect the supply of the private residential property market. Following the analysis of findings, the conclusion presents recommendations for policy change. Graphs, tables, map and references. [Taken from journal abstract]. |
| 590 ## - LOCAL NOTE (RLIN) | |
| Local note | ABS |
| 590 ## - LOCAL NOTE (RLIN) | |
| Local note | ABS |
| 650 ## - SUBJECT ADDED ENTRY--TOPICAL TERM | |
| Topical term or geographic name entry element | HONG KONG |
| 650 ## - SUBJECT ADDED ENTRY--TOPICAL TERM | |
| Topical term or geographic name entry element | PROPERTY MARKETING |
| 650 ## - SUBJECT ADDED ENTRY--TOPICAL TERM | |
| Topical term or geographic name entry element | LAND SUPPLY |
| 650 ## - SUBJECT ADDED ENTRY--TOPICAL TERM | |
| Topical term or geographic name entry element | LEASE CONDITIONS |
| 650 ## - SUBJECT ADDED ENTRY--TOPICAL TERM | |
| Topical term or geographic name entry element | HOUSE PRICES |
| 690 ## - LOCAL SUBJECT ADDED ENTRY--TOPICAL TERM (OCLC, RLIN) | |
| Topical term or geographic name as entry element | HOUSING-MARKET |
| 942 ## - ADDED ENTRY ELEMENTS (KOHA) | |
| Suppress in OPAC | 0 |
| Withdrawn status | Lost status | Source of classification or shelving scheme | Damaged status | Not for loan | Home library | Current library | Shelving location | Date acquired | Total Checkouts | Full call number | Barcode | Date last seen | Copy number | Price effective from | Koha item type |
|---|---|---|---|---|---|---|---|---|---|---|---|---|---|---|---|
| Dewey Decimal Classification | London | London | Journal article | 17/05/2004 | X126216 | 126216-1001 | 06/08/2019 | 1 | 06/08/2019 | Journal article |